Beyond zero-sum environmentalism

Detalles Bibliográficos
Autor principal: Krakoff, Sarah
Otros Autores: Powers, Melissa, Rosenbloom, Jonathan
Formato: eBook
Lenguaje:inglés
Publicado: Washington DC: Environmental Law Institute, 2019
Materias:
Acceso en línea:Acceso restringido

MARC

LEADER 00000nam a22000007a 4500
005 2022091505445.0
007 cr|||| ||||
008 220915s2019 us |||||s|||| 00||0 eng d
020 |a 978-1-58576-202-6 
035 |a 36356 
040 |a vLex 
090 |c 13906  |d 13906 
100 1 |a Krakoff, Sarah 
245 1 0 |a Beyond zero-sum environmentalism  |h [Recurso electrn̤ico] /  |c Sarah Krakoff, Melissa Powers, Jonathan Rosenbloom 
256 |a Servicio en ln̕ea 
260 |a Washington DC:  |b Environmental Law Institute,  |c 2019 
300 |a 1 recurso electrn̤ico 
500 |a Environmental law and environmental protection have long been portrayed as requiring tradeoffs between incompatible ends: "jobs versus environment;" "markets versus regulation;" "enforcement versus incentives." Behind these views are a variety of concerns, including resistance to government regulation, skepticism about the importance or extent of environmental harms, and sometimes even pro-environmental views about the limits of Earth's carrying capacity. This framework is perhaps best illustrated by the Trump Administration, whose rationales for a host of environmental and natural resources policies have embraced a zero-sum approach, seemingly preferring a world divided into winners and losers. Given the many significant challenges we face, does playing the zero-sum game cause more harm than good? And, if so, how do we move beyond it? This book is the third in a series of books authored by members of the Environmental Law Collaborative (ELC), an affiliation of environmental law professors that began in 2011. In it, the authors tackle the origins and meanings of zero-sum frameworks and assess their implications for natural resource and environmental protection. The authors have different angles on the usefulness and limitations of zero-sum framing, but all go beyond the oversimplified view that environmental protection always imposes a dead loss on some other societal value. 
506 1 |a Disponible solo en los productos indicados  |d vLex Global  |d vLex Global (Academic Edition, excluding Law Schools)  |d vLex Global (Academic Edition, Law Schools) 
650 0 4 |a Derecho Comunitario  |z Estados Unidos 
650 0 4 |a Derecho del Medio Ambiente  |z Estados Unidos 
700 |a Powers, Melissa 
700 |a Rosenbloom, Jonathan 
740 0 |a vLex Libros (Servicio en ln̕ea) 
856 4 0 |u https://app.vlex.com/#/sources/36356  |z Acceso restringido 
942 |c BOOK 
999 0 |a Community Law 
999 0 |a Environmental Law